| 000 | 00745cam a2200289 i 4500 | ||
|---|---|---|---|
| 001 | 3723166 | ||
| 003 | OSt | ||
| 005 | 20140310181645.0 | ||
| 008 | 810414s1980 enka j 000 1 eng | ||
| 010 | _a 80146490 | ||
| 015 | _aGB*** | ||
| 020 |
_a0590136011 _c£3.50 |
||
| 040 |
_aDLC _cDLC _dDLC |
||
| 050 | 0 | 0 |
_aPZ 7 _b.D131 1980 |
| 082 |
_aKF D13t _b1980 |
||
| 100 | 1 |
_aDahl, Roald. _93827 |
|
| 245 | 1 | 4 |
_aThe twits / _cRoald Dahl |
| 260 |
_aNew York _bScholastic Inc. _cc1980. |
||
| 300 |
_a76 p. _bill. ; _c19 cm. |
||
| 541 | _j1 | ||
| 541 | _j2 | ||
| 562 | _e2 | ||
| 650 |
_aHumorous stories _93831 |
||
| 700 | 1 |
_aBlake, Quentin. _93844 |
|
| 906 |
_a7 _bcbc _corignew _d4 _encip _f19 _gy-gencatlg |
||
| 942 |
_2lcc _cBK-KF _kKF |
||
| 999 |
_c885 _d885 |
||